| 000 | 01260nam a22002657a 4500 | ||
|---|---|---|---|
| 005 | 20170124103132.0 | ||
| 010 | _aA-244943 | ||
| 020 | _c125.00 | ||
| 035 | _aA-244943 | ||
| 037 | _bCen Lib/Ret | ||
| 040 |
_aDPL _bHN |
||
| 082 |
_a335 _bसमाज |
||
| 245 |
_aसमाजवादी आंदोलन के दस्तावेज़ : _cसम्पादक विनोद प्रसाद सिंह [और] सुनीलम _b1934-52 / |
||
| 246 |
_aSamajvadi aandolan ke dastavez : 1934-52 / _bsampadak Vinod Prasad Singh [aur] Suneelam |
||
| 260 |
_aदिल्ली _bप्रतिपक्ष प्रकाशन _c1985 |
||
| 270 |
_aसी/पी-39, पीतमपुरा _bदिल्ली _e110034 |
||
| 300 |
_ax,452पृ. _c20सेमी(सजिल्द) |
||
| 650 |
_aप्रमुख नेताओं -- प्रतिक्रियां _982722 |
||
| 650 |
_aसमाजवाद -- प्रासंगिकता _91792 |
||
| 650 |
_aTop Leaders - responses _984497 |
||
| 650 |
_aSocialism - Relevance _984498 |
||
| 700 |
_aविनोद प्रसाद सिंह _984499 |
||
| 700 |
_aसुनीलम _9500 |
||
| 942 |
_2ddc _cHN _h335 _mसमाज |
||
| 999 |
_c119355 _d119355 |
||